|
|
|
|
| LEADER |
00000nab a2200000 a 4500 |
| 001 |
vtls000666998 |
| 003 |
SK-MaSNL |
| 005 |
20260304083450.0 |
| 008 |
250425c1998 xo 0 slo |
| 015 |
|
|
|a SNBRA1998/08-22814
|
| 035 |
|
|
|a CLN000019181
|
| 035 |
|
|
|a urn:nbn:sk:snk-abaihu
|
| 035 |
|
|
|a (urnnbn)urn:nbn:sk:snk:ar-008eka
|
| 035 |
|
|
|a (uuid)f4b87215-2141-4e65-9198-773a9ed30ae7
|
| 040 |
|
|
|a SNKBUCL
|b slo
|c SNKBUCL
|e AACR2
|
| 041 |
0 |
|
|a slo
|
| 044 |
|
|
|a xo
|c SK
|
| 080 |
|
|
|a 725.51(437.6)
|2 1997
|
| 080 |
|
|
|a 69
|2 1997
|
| 245 |
0 |
0 |
|a Hlavná cena Stavba roka '98 stavebné dielo Solisko - Liečebný dom Štrbské Pleso
|c Žákovič, Ivan Moravčík, Peter Černo, Tibor Bendík, Viera Gáliková
|
| 300 |
|
|
|b Obr.
|
| 610 |
|
7 |
|a Solisko (liečebný dom : Štrbské Pleso, Slovensko)
|x Stavba roka
|y za r. 1998
|2 snkbucl
|9 894735
|
| 611 |
1 |
7 |
|a Stavba roka
|n 4.
|d 1998
|c Slovensko
|2 snkbucl
|9 894736
|
| 655 |
|
7 |
|a články z novín a časopisov
|2 snkbucl
|9 267496
|
| 700 |
1 |
|
|a Žákovič
|4 aut
|9 1374187
|
| 700 |
1 |
|
|a Moravčík, Ivan
|4 aut
|9 1374188
|
| 700 |
1 |
|
|a Černo, Peter,
|d 1943-
|4 aut
|9 124859
|
| 700 |
1 |
|
|a Bendík, Tibor
|4 aut
|9 1067623
|
| 700 |
1 |
|
|a Gáliková, Viera
|4 aut
|9 296185
|
| 773 |
0 |
|
|t Eurostav
|g Roč. 4, č. 5 (1998), s. 26-28
|x 1335-1249
|
| 850 |
|
|
|a Slovenská národná knižnica
|
| 852 |
|
|
|a Slovenská národná knižnica
|
| 954 |
|
|
|a odborná, vedecká literatúra pôvodná (slovenská)
|2 lita
|
| 958 |
|
|
|a article14
|
| 958 |
|
|
|a OND
|
| 958 |
|
|
|a SK
|
| 958 |
|
|
|a EUIPO
|
| 992 |
|
|
|a RBX
|
| 999 |
|
|
|c 2800588
|d 2802518
|